[Event "Jan Macieja Memorial"]
[Site "Warsaw POL"]
[Date "2023.07.10"]
[Round "2.26"]
[White "Dworakowska, Joanna"]
[Black "Hury, Tymoteusz"]
[Result "1/2-1/2"]
[WhiteElo "2234"]
[BlackElo "1827"]
[EventDate "2023.07.10"]
[PlyCount "98"]

1.e4 e5 2.Nf3 Nc6 3.d4 exd4 4.Nxd4 Nf6 5.Nxc6 bxc6 6.e5 Qe7 7.Qe2 Nd5 8.c4 Ba6 
9.h4 f6 10.exf6 Qxe2+ 11.Bxe2 Bb4+ 12.Bd2 Bxd2+ 13.Kxd2 Nxf6 14.Nc3 O-O-O 
15.Rhe1 d5 16.c5 Bxe2 17.Rxe2 Rhe8 18.Rae1 Kd7 19.Kd3 g6 20.Kd4 Rb8 21.Rxe8 
Nxe8 22.Re2 Ng7 23.Ke5 Nh5 24.g4 Re8+ 25.Kd4 Rxe2 26.Nxe2 Nf6 27.f3 Ke7 28.Ke5 
Nd7+ 29.Kd4 h6 30.Nf4 Kf6 31.Nh3 g5 32.hxg5+ hxg5 33.f4 gxf4 34.Nxf4 Ne5 35.g5+ 
Kf5 36.Nxd5 cxd5 37.Kxd5 Nd3 38.b3 Nc1 39.Kc6 Nxa2 40.Kxc7 Nc1 41.b4 Nd3 42.Kb7 
Nxb4 43.Kxa7 Kxg5 44.Kb6 Kf5 45.Kb5 Nd5 46.c6 Ke6 47.Kc5 Nc7 48.Kb6 Kd6 49.Kb7 
Nd5 1/2-1/2

[Event "Jan Macieja Memorial"]
[Site "Warsaw POL"]
[Date "2023.07.10"]
[Round "2.27"]
[White "Sriram, Jha"]
[Black "Szewczak, Andrzej"]
[Result "1-0"]
[WhiteElo "2221"]
[BlackElo "1843"]
[EventDate "2023.07.10"]
[PlyCount "99"]

1.d4 b5 2.e4 Bb7 3.Bd3 e6 4.Nf3 a6 5.O-O c5 6.c3 c4 7.Bc2 d6 8.a4 Nd7 9.Na3 Qb6 
10.Be3 d5 11.exd5 Bxd5 12.Ne5 Ngf6 13.b3 cxb3 14.Bxb3 Bxa3 15.Nxd7 Nxd7 16.Bxd5 
exd5 17.Rxa3 O-O 18.Qb3 Qc6 19.Rfa1 Rab8 20.axb5 Rxb5 21.Qc2 Ra8 22.g3 a5 
23.Rb3 Nb6 24.Rab1 Rxb3 25.Qxb3 Nd7 26.Ra1 h6 27.Bd2 Nb6 28.Re1 Nc4 29.Bc1 a4 
30.Qa2 a3 31.Bf4 Qb5 32.Rb1 Qa5 33.Rb4 g5 34.Bc1 f5 35.Kg2 Qc7 36.Rb3 f4 
37.Bxa3 fxg3 38.hxg3 Qa5 39.Qe2 Qa6 40.Qe7 Qg6 41.Rb7 Qe4+ 42.Qxe4 dxe4 43.Bc1 
Re8 44.Rc7 Nd6 45.Be3 Nf5 46.Kf1 Rf8 47.Ke2 g4 48.Rc5 h5 49.Re5 h4 50.gxh4 1-0

[Event "Jan Macieja Memorial"]
[Site "Warsaw POL"]
[Date "2023.07.10"]
[Round "2.28"]
[White "Gluszko, Monika"]
[Black "Kopczynski, Michal"]
[Result "0-1"]
[WhiteElo "1829"]
[BlackElo "2210"]
[EventDate "2023.07.10"]
[PlyCount "44"]

1.e4 b6 2.d4 Bb7 3.Nc3 e6 4.Bd3 Nf6 5.f4 d5 6.e5 Ne4 7.Nge2 c5 8.Bb5+ Nd7 
9.Nxe4 dxe4 10.O-O a6 11.Bxd7+ Qxd7 12.Be3 cxd4 13.Nxd4 Bc5 14.c3 O-O 15.Qh5 a5 
16.Rad1 f5 17.Nxf5 Rxf5 18.Rxd7 Bxe3+ 19.Kh1 Rxh5 20.Rxb7 Rf8 21.g3 Rxe5 22.Kg2 
Rd5 0-1

[Event "Jan Macieja Memorial"]
[Site "Warsaw POL"]
[Date "2023.07.10"]
[Round "2.29"]
[White "Chomczyk, Marek"]
[Black "Pancewicz, Szymon"]
[Result "1-0"]
[WhiteElo "2217"]
[BlackElo "1816"]
[EventDate "2023.07.10"]
[PlyCount "53"]

1.c4 e6 2.g3 Nf6 3.Bg2 d5 4.Nf3 Be7 5.O-O O-O 6.d4 dxc4 7.Qc2 b5 8.a4 b4 9.Ne5 
Qxd4 10.Bxa8 Qxe5 11.Bf4 Qh5 12.Bf3 Ng4 13.Bxg4 Qxg4 14.Qxc4 e5 15.Qxc7 exf4 
16.Qxe7 fxg3 17.Nd2 gxh2+ 18.Kh1 Nd7 19.f3 Qh3 20.Rf2 Nf6 21.Rxh2 Qf5 22.Rg1 
Re8 23.Qxb4 Nd5 24.Qd4 g6 25.e4 Qf6 26.Qxd5 Qxb2 27.Qb5 1-0

[Event "Jan Macieja Memorial"]
[Site "Warsaw POL"]
[Date "2023.07.10"]
[Round "2.30"]
[White "Backiel, Hubert"]
[Black "Karpus, Michal"]
[Result "0-1"]
[WhiteElo "1823"]
[BlackElo "2181"]
[EventDate "2023.07.10"]
[PlyCount "97"]

1.e4 e6 2.d4 d5 3.Nc3 Nf6 4.Bg5 Bb4 5.e5 h6 6.Bd2 Bxc3 7.bxc3 Ne4 8.Bd3 Nxd2 
9.Qxd2 c5 10.f4 b6 11.Nf3 Ba6 12.O-O Qd7 13.Nh4 g6 14.Qf2 cxd4 15.cxd4 Bxd3 
16.cxd3 Nc6 17.g4 O-O-O 18.Rfc1 Kb7 19.Nf3 g5 20.fxg5 Rdg8 21.h4 Qe7 22.Rc2 Nb4 
23.Rc3 Na6 24.Rac1 Rg7 25.Kf1 Qd7 26.gxh6 Rxh6 27.g5 Rh8 28.Qb2 Rgh7 29.R1c2 
Qe7 30.Ke1 Rxh4 31.Nxh4 Rxh4 32.Rg2 Nb4 33.a3 Nc6 34.Rc1 Nxd4 35.Qc3 Qd7 36.Kd1 
Rh1+ 37.Kd2 Rh4 38.Rcg1 Nf3+ 39.Kc1 Nxg1 40.Rxg1 Rh2 41.g6 fxg6 42.Rxg6 Qf7 
43.Rf6 Qg7 44.Rf1 Re2 45.Kb1 Re3 46.Rc1 Qd7 47.Qd4 Re2 48.Ka1 Qb5 49.Rb1 0-1

[Event "Jan Macieja Memorial"]
[Site "Warsaw POL"]
[Date "2023.07.10"]
[Round "2.33"]
[White "Minald, Andrey"]
[Black "Karut, Kacper"]
[Result "0-1"]
[WhiteElo "2155"]
[BlackElo "1796"]
[EventDate "2023.07.10"]
[PlyCount "87"]

1.c4 Nf6 2.Nf3 g6 3.g3 Bg7 4.Bg2 O-O 5.O-O d6 6.h3 Nbd7 7.d3 e5 8.Nc3 c6 9.e4 
Ne8 10.Nh2 f5 11.f4 Ndf6 12.Be3 fxe4 13.dxe4 Nh5 14.Qe1 exf4 15.gxf4 Be6 16.c5 
d5 17.Rd1 Nef6 18.e5 Nd7 19.Ne2 Qe7 20.b4 a5 21.a3 axb4 22.axb4 Ra2 23.Nf3 h6 
24.Nfd4 Rfa8 25.Rb1 Nf8 26.Qc1 Bd7 27.Rb2 R2a3 28.Qd2 Ne6 29.Rfb1 Nxd4 30.Nxd4 
Ng3 31.Bf2 Nf5 32.Kh2 Nxd4 33.Bxd4 Qh4 34.Rb3 Ra2 35.R1b2 Ra1 36.Bf2 Qh5 37.b5 
Qf5 38.bxc6 bxc6 39.Rb7 Be6 40.Rc7 R8a6 41.Rb8+ Kh7 42.Rbb7 Qf8 43.Rxg7+ Qxg7 
44.Rxg7+ 0-1

[Event "Jan Macieja Memorial"]
[Site "Warsaw POL"]
[Date "2023.07.10"]
[Round "2.34"]
[White "Moscicka, Pola"]
[Black "Ladan, Nicholas"]
[Result "0-1"]
[WhiteElo "1804"]
[BlackElo "2162"]
[EventDate "2023.07.10"]
[PlyCount "64"]

1.d4 b6 2.c4 Bb7 3.Nc3 f5 4.e3 e6 5.Nf3 Nf6 6.Be2 d6 7.O-O Be7 8.b4 a5 9.bxa5 
Rxa5 10.Bd2 O-O 11.Qc2 Ne4 12.Nxe4 fxe4 13.Ne1 Rg5 14.f3 exf3 15.Bxf3 Bxf3 
16.Nxf3 Rg6 17.Bc3 Nd7 18.e4 Qa8 19.Rae1 Kh8 20.Kh1 Qa6 21.d5 e5 22.Qd3 Nc5 
23.Qe2 Rgf6 24.Bd2 R6f7 25.Be3 Qa4 26.Bd2 h6 27.Bc1 Bf6 28.Bd2 Qxa2 29.Ra1 Qc2 
30.Rfe1 Qd3 31.Qxd3 Nxd3 32.Ra7 Nxe1 0-1

[Event "Jan Macieja Memorial"]
[Site "Warsaw POL"]
[Date "2023.07.10"]
[Round "2.35"]
[White "Chylewski, Patryk"]
[Black "Tsiapko, Andrii"]
[Result "1-0"]
[WhiteElo "2226"]
[BlackElo "1903"]
[EventDate "2023.07.10"]
[PlyCount "45"]

1.e4 c5 2.Nf3 Nc6 3.g3 g6 4.Bg2 Bg7 5.O-O e6 6.Re1 d6 7.c3 Qb6 8.Na3 Nge7 9.Nc4 
Qc7 10.d3 O-O 11.a4 b6 12.Ne3 Bb7 13.d4 e5 14.Nd5 Nxd5 15.exd5 Ne7 16.dxe5 Nxd5 
17.exd6 Qd7 18.Ne5 Qxd6 19.Nc4 Qc6 20.a5 b5 21.a6 bxc4 22.axb7 Qxb7 23.Bxd5 1-0

[Event "Jan Macieja Memorial"]
[Site "Warsaw POL"]
[Date "2023.07.10"]
[Round "2.37"]
[White "Wiech, Grzegorz"]
[Black "Adamski, Adam"]
[Result "1-0"]
[WhiteElo "2131"]
[BlackElo "1777"]
[EventDate "2023.07.10"]
[PlyCount "49"]

1.e4 c5 2.Nf3 d6 3.d4 cxd4 4.Nxd4 Nf6 5.Nc3 a6 6.Bg5 e6 7.f4 Be7 8.Qf3 Qc7 
9.O-O-O Nbd7 10.Bd3 b5 11.Rhe1 Bb7 12.Qg3 h6 13.Bxf6 Bxf6 14.Bxb5 axb5 15.Ndxb5 
Qb6 16.Nxd6+ Kf8 17.e5 Be7 18.Nxf7 Kxf7 19.Rxd7 Rhd8 20.Rxe7+ Kxe7 21.Qxg7+ Ke8 
22.f5 Qd4 23.Qg6+ Ke7 24.f6+ Kd7 25.Rd1 1-0

[Event "Jan Macieja Memorial"]
[Site "Warsaw POL"]
[Date "2023.07.10"]
[Round "2.39"]
[White "Kubicka, Anna"]
[Black "Mazur, Maciej"]
[Result "1-0"]
[WhiteElo "2144"]
[BlackElo "1758"]
[EventDate "2023.07.10"]
[PlyCount "67"]

1.e4 d5 2.exd5 Qxd5 3.Nf3 Bg4 4.Be2 Nf6 5.Nc3 Qa5 6.d3 c6 7.Bd2 Qb6 8.O-O Nbd7 
9.h3 Bh5 10.Rb1 e6 11.Be3 Qc7 12.b4 Be7 13.b5 O-O 14.a4 Rfd8 15.Nd4 Bxe2 
16.Qxe2 Bd6 17.Kh1 Nd5 18.Nxd5 cxd5 19.c4 dxc4 20.dxc4 Rac8 21.Rfc1 Bf4 22.Nb3 
Bxe3 23.Qxe3 Nf6 24.Qxa7 Ra8 25.Qc5 Qf4 26.Qe3 Qxe3 27.fxe3 Rxa4 28.Rb2 Ne4 
29.c5 Rb4 30.c6 bxc6 31.bxc6 Ng3+ 32.Kh2 Rxb3 33.Rxb3 Nf5 34.c7 1-0

[Event "Jan Macieja Memorial"]
[Site "Warsaw POL"]
[Date "2023.07.10"]
[Round "2.44"]
[White "Michalska, Aleksandra"]
[Black "Zubova, Mariya"]
[Result "1-0"]
[WhiteElo "1730"]
[BlackElo "2116"]
[EventDate "2023.07.10"]
[PlyCount "49"]

1.e4 e5 2.Nf3 Nc6 3.Nc3 Nf6 4.Bb5 Bb4 5.O-O O-O 6.d3 d6 7.Bg5 Bxc3 8.bxc3 Qe7 
9.Nd2 Nd8 10.f4 Ne6 11.fxe5 dxe5 12.Bxf6 gxf6 13.Bc4 Nf4 14.Rxf4 exf4 15.Qh5 
Qe5 16.Qe2 Qg5 17.Rf1 Bg4 18.Qf2 Kg7 19.h4 Qe5 20.d4 Qd6 21.Bd3 Rae8 22.Nc4 Qd7 
23.Qxf4 f5 24.exf5 h5 25.f6+ 1-0

[Event "Jan Macieja Memorial"]
[Site "Warsaw POL"]
[Date "2023.07.10"]
[Round "2.45"]
[White "Zareba, Piotr"]
[Black "Kultiyasov, Mikhail"]
[Result "1/2-1/2"]
[WhiteElo "1743"]
[BlackElo "2104"]
[EventDate "2023.07.10"]
[PlyCount "115"]

1.e4 c5 2.Nf3 e6 3.d4 cxd4 4.Nxd4 a6 5.g3 d6 6.Bg2 Qc7 7.O-O Bd7 8.Nc3 Nc6 
9.Be3 Be7 10.h3 Nf6 11.Qd2 Nxd4 12.Bxd4 O-O 13.a4 Rac8 14.a5 Bc6 15.Bb6 Qb8 
16.Rfe1 Nd7 17.Be3 Ne5 18.b3 Qc7 19.Bb6 Qb8 20.Be3 Bf6 21.Bd4 Be7 22.Na4 Nd7 
23.Nb6 Nxb6 24.Bxb6 Bd8 25.Bd4 Qc7 26.c4 Qe7 27.Rec1 Bc7 28.b4 h6 29.Rab1 e5 
30.Be3 f5 31.exf5 Bxg2 32.Kxg2 Rxf5 33.Qd5+ Kh8 34.Qxb7 Rb8 35.Qd5 Rbf8 36.b5 
axb5 37.cxb5 Bxa5 38.b6 e4 39.Qd4 d5 40.b7 Bc7 41.Rc2 Rf3 42.Rbc1 Bb8 43.Rc8 
Qd6 44.Rxf8+ Rxf8 45.Rc8 Qe7 46.Rxf8+ Qxf8 47.Qxd5 Qf3+ 48.Kh2 Bxg3+ 49.fxg3 
Qe2+ 50.Kh1 Qf1+ 51.Kh2 Qe2+ 52.Kh1 Qf1+ 53.Bg1 Qf3+ 54.Kh2 Qe2+ 55.Kh1 Qf3+ 
56.Kh2 Qe2+ 57.Kh1 Qf3+ 58.Kh2 1/2-1/2

[Event "Jan Macieja Memorial"]
[Site "Warsaw POL"]
[Date "2023.07.10"]
[Round "2.47"]
[White "Bukala, Weronika"]
[Black "Makarewicz, Pawel"]
[Result "1-0"]
[WhiteElo "1687"]
[BlackElo "2085"]
[EventDate "2023.07.10"]
[PlyCount "49"]

1.e4 e5 2.Nf3 Nc6 3.Bb5 a6 4.Ba4 d6 5.O-O Bg4 6.d3 f5 7.h3 fxe4 8.dxe4 Bxf3 
9.Qxf3 Nf6 10.Bg5 Be7 11.Bxf6 Bxf6 12.Qh5+ g6 13.Qh6 Qd7 14.Nc3 O-O-O 15.Nd5 
Bg7 16.Qd2 h5 17.b4 b5 18.Bb3 Nd4 19.a4 Nxb3 20.cxb3 Kb7 21.Nc3 c6 22.Rfc1 d5 
23.exd5 cxd5 24.axb5 axb5 25.Ra5 1-0

[Event "Jan Macieja Memorial"]
[Site "Warsaw POL"]
[Date "2023.07.10"]
[Round "2.48"]
[White "Chmiel, Marcin"]
[Black "Zajkowska, Olga"]
[Result "1-0"]
[WhiteElo "2084"]
[BlackElo "1722"]
[EventDate "2023.07.10"]
[PlyCount "65"]

1.c4 Nf6 2.g3 g6 3.Bg2 Bg7 4.Nc3 d6 5.d4 O-O 6.Nf3 Nbd7 7.O-O c6 8.h3 e5 9.Be3 
e4 10.Nd2 d5 11.cxd5 cxd5 12.Qb3 Nb6 13.a4 Be6 14.a5 Nc4 15.Nxc4 dxc4 16.Qxb7 
Nd5 17.Nxe4 Nxe3 18.fxe3 Bd5 19.Qxd5 Qxd5 20.Nf6+ Bxf6 21.Bxd5 Rad8 22.Rxf6 
Rxd5 23.Rc6 Re8 24.Ra3 Rb5 25.Rxc4 Rxb2 26.Kf2 Re7 27.d5 Rd2 28.Rd3 Ra2 29.d6 
Rd7 30.Rc7 Rd8 31.d7 Rxa5 32.Rc8 Rf5+ 33.Kg2 1-0

[Event "Jan Macieja Memorial"]
[Site "Warsaw POL"]
[Date "2023.07.10"]
[Round "2.49"]
[White "Kalus, Franciszek"]
[Black "Mulawa, Cyprian"]
[Result "0-1"]
[WhiteElo "1727"]
[BlackElo "2081"]
[EventDate "2023.07.10"]
[PlyCount "74"]

1.d4 d5 2.c4 c6 3.Nf3 Nf6 4.Nc3 e6 5.Bg5 Nbd7 6.e3 Qa5 7.cxd5 Nxd5 8.Qd2 Bb4 
9.Rc1 N7f6 10.Bd3 O-O 11.O-O c5 12.dxc5 Bxc3 13.bxc3 h6 14.Bh4 Nd7 15.c6 bxc6 
16.Bb1 Ba6 17.Rfd1 Nc5 18.Qc2 g6 19.Ne5 Qa4 20.Qxa4 Nxa4 21.c4 Ndc3 22.Rd7 Ne2+ 
23.Kf1 Nxc1 24.Bf6 Nc5 25.Re7 Rfd8 26.Ke1 N5d3+ 27.Nxd3 Nxd3+ 28.Bxd3 Rxd3 
29.c5 Rad8 30.f3 Rd2 31.Bd4 Re2+ 32.Kd1 e5 33.Rxa7 Bb5 34.a4 Bc4 35.Rc7 exd4 
36.exd4 Rxd4+ 37.Kc1 Bb3 0-1

[Event "Jan Macieja Memorial"]
[Site "Warsaw POL"]
[Date "2023.07.10"]
[Round "2.50"]
[White "Padalka, Artem"]
[Black "Matskevich, Varvara"]
[Result "1-0"]
[WhiteElo "2073"]
[BlackElo "1628"]
[EventDate "2023.07.10"]
[PlyCount "98"]

1.Nf3 d6 2.c4 f5 3.g3 Nf6 4.Bg2 g6 5.O-O Bg7 6.Nc3 e5 7.d3 O-O 8.b4 e4 9.Nd2 
Ng4 10.Bb2 e3 11.fxe3 Nxe3 12.Qb3 Nxf1 13.Rxf1 Nc6 14.e3 Ne5 15.Nd5 c6 16.Nf4 
Qe7 17.b5 Ng4 18.Re1 Bxb2 19.Qxb2 Ne5 20.a4 g5 21.d4 gxf4 22.dxe5 fxg3 23.exd6 
gxh2+ 24.Kh1 Qxd6 25.Nf3 Qf6 26.Qb3 Be6 27.Nd4 Bf7 28.Rf1 Bg6 29.bxc6 bxc6 
30.Bxc6 Rab8 31.Bd5+ Kh8 32.Qc2 Rbc8 33.Ne6 Rfe8 34.Nf4 Rxe3 35.Qf2 Rce8 36.c5 
R3e5 37.c6 Qd6 38.Qd4 Bf7 39.Rd1 Bxd5+ 40.Nxd5 Qg6 41.c7 Kg8 42.Qc4 Re1+ 
43.Kxh2 R8e2+ 44.Kh3 Qh5+ 45.Kg3 Qg5+ 46.Kf3 Qg4+ 47.Qxg4+ fxg4+ 48.Kxg4 Re4+ 
49.Kf3 Rxd1 1-0

[Event "Jan Macieja Memorial"]
[Site "Warsaw POL"]
[Date "2023.07.10"]
[Round "2.51"]
[White "Budzisz, Adrian"]
[Black "Rzap, Filip"]
[Result "1-0"]
[WhiteElo "2018"]
[BlackElo "1546"]
[EventDate "2023.07.10"]
[PlyCount "65"]

1.e4 c5 2.Nf3 d6 3.Bb5+ Bd7 4.Bxd7+ Nxd7 5.O-O Ngf6 6.Re1 g6 7.c3 Bg7 8.d4 cxd4 
9.cxd4 O-O 10.Nc3 a6 11.a4 Qc7 12.Bf4 Rfd8 13.Rc1 Qb6 14.Qe2 e6 15.a5 Qxa5 
16.Bxd6 Qb6 17.e5 Ne8 18.Be7 Rdc8 19.Ne4 Rc7 20.Rxc7 Qxc7 21.Bg5 h6 22.Rc1 Qb6 
23.Be3 Qb4 24.h4 a5 25.Nh2 a4 26.Ng4 h5 27.Nh6+ Kf8 28.Qf3 Qe7 29.Bg5 f6 
30.exf6 Ndxf6 31.Re1 Qd7 32.Nxf6 Nxf6 33.Bxf6 1-0

[Event "Jan Macieja Memorial"]
[Site "Warsaw POL"]
[Date "2023.07.10"]
[Round "2.54"]
[White "Stachniak, Stanislaw"]
[Black "Bazilius, Augustinas"]
[Result "0-1"]
[WhiteElo "1439"]
[BlackElo "2050"]
[EventDate "2023.07.10"]
[PlyCount "138"]

1.e4 c5 2.Nf3 a6 3.d4 cxd4 4.Nxd4 Nf6 5.Nc3 e5 6.Nb3 Bb4 7.Bd3 d5 8.exd5 Nxd5 
9.Bd2 Nxc3 10.bxc3 Bd6 11.O-O O-O 12.f4 exf4 13.Bxf4 Bxf4 14.Rxf4 Nc6 15.Qh5 g6 
16.Qh6 f5 17.Rh4 Qe7 18.Bc4+ Kh8 19.Nc5 Qxc5+ 20.Kh1 Qe7 21.h3 Qg7 22.Qg5 Bd7 
23.Rd1 Rad8 24.Rd6 Ne5 25.Bb3 Rc8 26.Kh2 Rxc3 27.Rb4 Rxb3 28.Rxb3 Nf7 29.Rxd7 
Nxg5 30.Rxg7 Kxg7 31.Rxb7+ Rf7 32.Rb6 Ra7 33.c4 Ne4 34.a4 a5 35.Rc6 Rb7 36.c5 
Rb4 37.Rc7+ Kf6 38.c6 Rxa4 39.Rc8 Rc4 40.c7 Kg7 41.Ra8 Rxc7 42.Rxa5 Rc2 43.Ra7+ 
Kh6 44.h4 Nf6 45.Kh3 Ng4 46.Ra3 Re2 47.Rg3 Re3 48.Rxe3 Nxe3 49.g3 Nf1 50.Kg2 
Nxg3 51.Kxg3 Kh5 52.Kh3 f4 53.Kg2 Kxh4 54.Kf3 Kg5 55.Kg2 Kg4 56.Kh2 f3 57.Kg1 
Kg3 58.Kf1 f2 59.Ke2 Kg2 60.Ke3 f1=Q 61.Ke4 Qf3+ 62.Ke5 h5 63.Ke6 h4 64.Ke7 h3 
65.Kd7 h2 66.Kc7 h1=R 67.Kb6 Qc3 68.Ka6 Rb1 69.Ka7 Qa1# 0-1

[Event "Jan Macieja Memorial"]
[Site "Warsaw POL"]
[Date "2023.07.10"]
[Round "2.57"]
[White "Rekuc, Patryk"]
[Black "Czerwinski, Bartlomiej"]
[Result "1-0"]
[WhiteElo "2108"]
[BlackElo "1377"]
[EventDate "2023.07.10"]
[PlyCount "81"]

1.Nf3 g6 2.b3 Bg7 3.d4 d5 4.Bb2 Nf6 5.e3 O-O 6.Be2 Nbd7 7.O-O c5 8.c4 b6 9.Nbd2 
Bb7 10.Ne5 Nxe5 11.dxe5 Nd7 12.f4 Qc7 13.Nf3 dxc4 14.Bxc4 Rad8 15.Qe1 a6 16.a4 
e6 17.Qh4 Qc6 18.Rf2 b5 19.Be2 h6 20.Qg3 Nb6 21.axb5 axb5 22.Rc1 Nd5 23.Nd4 Qb6 
24.Nxb5 Ne7 25.Qh3 Nf5 26.g4 c4 27.gxf5 Qxb5 28.fxe6 fxe6 29.Bxc4 Qb6 30.Qxe6+ 
Qxe6 31.Bxe6+ Kh7 32.Bc4 Rc8 33.Bd4 Be4 34.Ra2 Rc7 35.Ra7 Rxa7 36.Bxa7 Ra8 
37.Ra1 Bf8 38.Bd4 Rxa1+ 39.Bxa1 Kg7 40.e6+ Kg8 41.e7+ 1-0

[Event "Jan Macieja Memorial"]
[Site "Warsaw POL"]
[Date "2023.07.10"]
[Round "2.58"]
[White "Jakubowska, Anna"]
[Black "Mocny, Stanislaw"]
[Result "1-0"]
[WhiteElo "2001"]
[BlackElo "1369"]
[EventDate "2023.07.10"]
[PlyCount "61"]

1.e4 e5 2.Nc3 Nc6 3.g3 g6 4.Bg2 Bg7 5.d3 d6 6.Be3 Nf6 7.h3 Be6 8.Qd2 d5 9.Bg5 
d4 10.Nd5 h6 11.Nxf6+ Bxf6 12.Bxf6 Qxf6 13.f4 exf4 14.gxf4 Qh4+ 15.Qf2 Qxf2+ 
16.Kxf2 Nb4 17.Ke2 O-O-O 18.Kd2 Rhg8 19.a3 Nc6 20.Ne2 f5 21.e5 g5 22.Rhg1 g4 
23.hxg4 fxg4 24.Ng3 Rdf8 25.Raf1 Ne7 26.Rh1 Rg6 27.Be4 Bf5 28.Nxf5 Nxf5 29.Rfg1 
c6 30.Rh5 Ng7 31.Bxg6 1-0

[Event "Jan Macieja Memorial"]
[Site "Warsaw POL"]
[Date "2023.07.10"]
[Round "2.59"]
[White "Gozdzikowski, Franciszek"]
[Black "Syrkiewicz, Michal"]
[Result "0-1"]
[WhiteElo "1396"]
[BlackElo "2009"]
[EventDate "2023.07.10"]
[PlyCount "52"]

1.e4 c5 2.Nf3 e6 3.d4 cxd4 4.Nxd4 Nc6 5.Nc3 Qc7 6.Be3 a6 7.a3 Nf6 8.f4 d6 9.Qf3 
b5 10.O-O-O Bb7 11.g4 Nd7 12.a4 b4 13.Nce2 Nc5 14.b3 Nxd4 15.Nxd4 Bxe4 16.Qxe4 
Nxe4 17.Bg2 d5 18.f5 Qc3 19.Kb1 Qxe3 20.fxe6 Nc3+ 21.Ka1 Nxd1 22.exf7+ Kxf7 
23.Bxd5+ Kg6 24.Rxd1 Rd8 25.Ne6 Rxd5 26.Rxd5 Qxe6 0-1

[Event "Jan Macieja Memorial"]
[Site "Warsaw POL"]
[Date "2023.07.10"]
[Round "3.1"]
[White "Piorun, Kacper"]
[Black "Kokoszczynski, Jan"]
[Result "1-0"]
[WhiteElo "2583"]
[BlackElo "2198"]
[EventDate "2023.07.10"]
[PlyCount "69"]

1.e4 e5 2.Nc3 Nf6 3.Bc4 Nc6 4.d3 Na5 5.Bb3 Nxb3 6.axb3 Bb4 7.Ne2 d6 8.O-O Bg4 
9.f3 Bh5 10.Be3 O-O 11.Kh1 d5 12.Bg5 c6 13.Bxf6 Qxf6 14.exd5 Qh6 15.Qc1 Qd6 
16.dxc6 Qxc6 17.Qg5 Bg6 18.Qxe5 Rfe8 19.Qg3 Bd6 20.Qh4 b5 21.Nd4 Qd7 22.Ndxb5 
Be7 23.Qg3 a6 24.Na3 Bd6 25.Qf2 Qc7 26.Nc4 Bc5 27.Qg3 Qd8 28.Rfe1 Qd4 29.Ne2 
Qf6 30.Nf4 Bf5 31.Nd5 Qh6 32.Nc7 Rxe1+ 33.Rxe1 Rc8 34.Qe5 Qh3 35.gxh3 1-0

[Event "Jan Macieja Memorial"]
[Site "Warsaw POL"]
[Date "2023.07.10"]
[Round "3.2"]
[White "Karpus, Michal"]
[Black "Tomczak, Jacek"]
[Result "0-1"]
[WhiteElo "2181"]
[BlackElo "2562"]
[EventDate "2023.07.10"]
[PlyCount "26"]

1.e4 c6 2.d4 d5 3.exd5 cxd5 4.Nf3 Nf6 5.Ne5 g6 6.Bb5+ Nbd7 7.O-O Bg7 8.Re1 O-O 
9.Nd2 Nxe5 10.dxe5 Ng4 11.e6 Nxf2 12.Qe2 Qb6 13.Qxf2 Bd4 0-1

[Event "Jan Macieja Memorial"]
[Site "Warsaw POL"]
[Date "2023.07.10"]
[Round "3.3"]
[White "Kazakouski, Valery"]
[Black "Minald, Andrey"]
[Result "1-0"]
[WhiteElo "2546"]
[BlackElo "2155"]
[EventDate "2023.07.10"]
[PlyCount "85"]

1.Nf3 d5 2.c4 c6 3.g3 Nf6 4.Bg2 Bf5 5.Qb3 Qb6 6.O-O e6 7.d3 Nbd7 8.cxd5 exd5 
9.Qc2 Be7 10.Nc3 O-O 11.e4 dxe4 12.dxe4 Bg6 13.Nh4 Rfe8 14.Nxg6 hxg6 15.Be3 Qc7 
16.h3 a6 17.f4 Nf8 18.e5 N6d7 19.Nd5 Qd8 20.Nxe7+ Qxe7 21.Bf2 Rad8 22.a3 Ne6 
23.b4 Nc7 24.Rad1 Nf8 25.Bc5 Qe6 26.Bb6 Rxd1 27.Rxd1 Nd5 28.Bd4 Qd7 29.Bf2 g5 
30.fxg5 Rxe5 31.h4 Qe6 32.Qb3 Ne3 33.Qxe6 Rxe6 34.Rd8 Nxg2 35.Kxg2 g6 36.Bc5 
Re2+ 37.Kf3 Ra2 38.Rxf8+ Kg7 39.Rb8 Rxa3+ 40.Kf4 b5 41.Bd4+ f6 42.Rb7+ Kg8 
43.gxf6 1-0

[Event "Jan Macieja Memorial"]
[Site "Warsaw POL"]
[Date "2023.07.10"]
[Round "3.4"]
[White "Ladan, Nicholas"]
[Black "Bartel, Mateusz"]
[Result "0-1"]
[WhiteElo "2162"]
[BlackElo "2529"]
[EventDate "2023.07.10"]
[PlyCount "66"]

1.d4 Nf6 2.Nf3 b6 3.Bf4 Bb7 4.e3 e6 5.Nbd2 Be7 6.a4 Nh5 7.Bg3 c5 8.c3 O-O 9.Nc4 
d5 10.Nce5 f6 11.Nd3 Nc6 12.a5 Nxa5 13.dxc5 bxc5 14.Be2 c4 15.Nf4 Nxf4 16.Bxf4 
Nb3 17.Ra2 e5 18.Bg3 Qc8 19.O-O Qe6 20.Nd2 Nc5 21.e4 Nxe4 22.Nxe4 dxe4 23.Ra4 
Rfc8 24.Qa1 Kh8 25.Qa2 Bd5 26.h4 Bc5 27.Rd1 Bb6 28.h5 h6 29.Rxd5 Qxd5 30.Bxc4 
Qd1+ 31.Kh2 Qxh5+ 32.Kg1 Rd8 33.Bd5 Qd1+ 0-1

[Event "Jan Macieja Memorial"]
[Site "Warsaw POL"]
[Date "2023.07.10"]
[Round "3.5"]
[White "Socko, Bartosz"]
[Black "Kubicka, Anna"]
[Result "1-0"]
[WhiteElo "2520"]
[BlackElo "2144"]
[EventDate "2023.07.10"]
[PlyCount "75"]

1.g3 g6 2.Bg2 Bg7 3.d4 d5 4.Nf3 Nf6 5.c4 c6 6.Qb3 dxc4 7.Qxc4 O-O 8.O-O Nbd7 
9.Rd1 Nb6 10.Qb4 a5 11.Qe1 Bf5 12.Nc3 Ne4 13.Nh4 Nxc3 14.bxc3 Bc2 15.Rd2 Ba4 
16.Rb2 Rb8 17.Bf4 e5 18.Bxe5 Bxe5 19.dxe5 Nc4 20.Rbb1 Nxe5 21.Nf3 Nxf3+ 22.Bxf3 
Bb5 23.a4 Bc4 24.Rd1 Qf6 25.Rd4 Be6 26.Qd2 Rfd8 27.Rb1 Bf5 28.Rxb7 Rxb7 
29.Rxd8+ Kg7 30.Kg2 Qe6 31.h4 Bh3+ 32.Kh2 h5 33.Qd4+ f6 34.Rd6 Qf5 35.Be4 c5 
36.Bxf5 cxd4 37.Bxh3 dxc3 38.Rc6 1-0

[Event "Jan Macieja Memorial"]
[Site "Warsaw POL"]
[Date "2023.07.10"]
[Round "3.6"]
[White "Niezhentsev, Kyrylo"]
[Black "Gagare, Shardul"]
[Result "0-1"]
[WhiteElo "2151"]
[BlackElo "2482"]
[EventDate "2023.07.10"]
[PlyCount "90"]

1.e4 e6 2.d4 d5 3.e5 c5 4.c3 Qb6 5.Nf3 Bd7 6.Bd3 Bb5 7.Bxb5+ Qxb5 8.Na3 Qa6 
9.Nc2 Nc6 10.Qe2 Qb6 11.O-O Nge7 12.dxc5 Qxc5 13.Be3 Qc4 14.Qxc4 dxc4 15.Na3 
Na5 16.Nb5 Nd5 17.Rad1 Kd7 18.Ng5 a6 19.Nd4 Ke8 20.Ne2 Nc6 21.Bd4 Be7 22.Ne4 
Kd7 23.b3 b5 24.bxc4 bxc4 25.Nd2 Nxd4 26.Nxd4 Rhc8 27.Ne4 Rab8 28.Rb1 Nf4 
29.Rfd1 Nd3 30.Nf3 Kc6 31.Ned2 Kd5 32.Kf1 Bc5 33.Ke2 Nxf2 34.Rf1 Ng4 35.Ng5 
Rxb1 36.Rxb1 Nxe5 37.Rb7 Rf8 38.Nxh7 Rh8 39.Ng5 Rxh2 40.Kf1 Rh1+ 41.Ke2 Rg1 
42.Nxf7 Rxg2+ 43.Kd1 Nxf7 44.Rxf7 Be3 45.Rd7+ Ke5 0-1

[Event "Jan Macieja Memorial"]
[Site "Warsaw POL"]
[Date "2023.07.10"]
[Round "3.8"]
[White "Ochedzan, Tymon"]
[Black "Cherniaiev, Tykhon"]
[Result "1/2-1/2"]
[WhiteElo "2149"]
[BlackElo "2450"]
[EventDate "2023.07.10"]
[PlyCount "77"]

1.e4 e5 2.Nf3 Nc6 3.Bb5 Nge7 4.d4 exd4 5.c3 a6 6.Bxc6 Nxc6 7.cxd4 d5 8.exd5 
Qxd5 9.Nc3 Bb4 10.O-O Bxc3 11.bxc3 O-O 12.h3 Bf5 13.Qb3 Qd7 14.Bf4 b5 15.a4 Na5 
16.Qb4 Nc4 17.Ne5 Nxe5 18.Bxe5 c6 19.Rfe1 Rfe8 20.Qc5 Qd5 21.Qxd5 cxd5 22.axb5 
axb5 23.Rxa8 Rxa8 24.Bd6 Be6 25.Rb1 Bd7 26.Re1 Re8 27.Rxe8+ Bxe8 28.g4 f6 29.f4 
Kf7 30.f5 Bd7 31.Kg2 g6 32.fxg6+ hxg6 33.Kf3 g5 34.Bc5 Kg6 35.Be7 Kf7 36.Bd8 
Kg6 37.Kg3 f5 38.gxf5+ Kxf5 39.h4 1/2-1/2

[Event "Jan Macieja Memorial"]
[Site "Warsaw POL"]
[Date "2023.07.10"]
[Round "3.9"]
[White "Nasuta, Grzegorz"]
[Black "Fiszer, Bartosz"]
[Result "1-0"]
[WhiteElo "2449"]
[BlackElo "2132"]
[EventDate "2023.07.10"]
[PlyCount "83"]

1.e4 c5 2.Nf3 d6 3.d4 cxd4 4.Nxd4 Nf6 5.Nc3 Nc6 6.f3 e5 7.Nb3 Be6 8.Nd5 Be7 
9.Be3 O-O 10.c3 Nd7 11.Qd2 Nc5 12.Nxc5 dxc5 13.Be2 Qd7 14.Rd1 Rad8 15.Qc2 Qc8 
16.Qa4 Bd6 17.O-O a6 18.Rd2 Ne7 19.Qd1 Nxd5 20.exd5 Bd7 21.a4 b5 22.axb5 axb5 
23.c4 Qb7 24.b3 b4 25.f4 exf4 26.Bxf4 Bxf4 27.Rxf4 Qb6 28.Qf1 Bc8 29.Bg4 Bxg4 
30.Rxg4 Rd6 31.h3 Rf6 32.Rf4 Re8 33.Rxf6 Qxf6 34.Qxf6 gxf6 35.Kf2 Kg7 36.Ra2 f5 
37.Ra5 Rc8 38.Ra6 f6 39.Rc6 Ra8 40.Rxc5 Ra3 41.d6 Rxb3 42.d7 1-0

[Event "Jan Macieja Memorial"]
[Site "Warsaw POL"]
[Date "2023.07.10"]
[Round "3.10"]
[White "Kanarek, Marcel"]
[Black "Wiech, Grzegorz"]
[Result "1-0"]
[WhiteElo "2388"]
[BlackElo "2131"]
[EventDate "2023.07.10"]
[PlyCount "51"]

1.e4 c5 2.Nf3 d6 3.d4 cxd4 4.Nxd4 Nf6 5.Nc3 a6 6.Rg1 e6 7.g4 h6 8.Be3 Qc7 9.h4 
g6 10.f3 b5 11.a3 Bb7 12.Qd2 Nc6 13.O-O-O b4 14.axb4 Nxb4 15.Nb3 Rc8 16.Kb1 d5 
17.e5 Nd7 18.f4 Nc5 19.f5 Ne4 20.Nxe4 dxe4 21.fxe6 fxe6 22.Nc5 Bxc5 23.Bxc5 
Qxc5 24.Qd7+ Kf8 25.Bc4 Rc7 26.Rgf1+ 1-0